Positive criminology / (Record no. 2253)
[ view plain ]
| 000 -LEADER | |
|---|---|
| fixed length control field | nam a22 a 4500 |
| 003 - CONTROL NUMBER IDENTIFIER | |
| control field | AKMAL |
| 005 - DATE AND TIME OF LATEST TRANSACTION | |
| control field | 20170515163101.0 |
| 008 - FIXED-LENGTH DATA ELEMENTS--GENERAL INFORMATION | |
| fixed length control field | 170515s1987 xxu 00 eng d |
| 020 ## - INTERNATIONAL STANDARD BOOK NUMBER | |
| International Standard Book Number | 0803929110 |
| 040 ## - CATALOGING SOURCE | |
| Original cataloging agency | AKMAL |
| 082 04 - DEWEY DECIMAL CLASSIFICATION NUMBER | |
| Classification number | 364 GOT |
| 090 ## - LOCALLY ASSIGNED LC-TYPE CALL NUMBER (OCLC); LOCAL CALL NUMBER (RLIN) | |
| Classification number (OCLC) (R) ; Classification number, CALL (RLIN) (NR) | 364 |
| Local cutter number (OCLC) ; Book number/undivided call number, CALL (RLIN) | GOT |
| 245 ## - TITLE STATEMENT | |
| Title | Positive criminology / |
| Statement of responsibility, etc. | editors, Micheal R. Gottfredson, Travis Hirschi |
| 260 ## - PUBLICATION, DISTRIBUTION, ETC. | |
| Place of publication, distribution, etc. | Newbury Park, Calif. : |
| Name of publisher, distributor, etc. | Sage Publications, |
| Date of publication, distribution, etc. | 1987 |
| 300 ## - PHYSICAL DESCRIPTION | |
| Extent | 189p. : |
| Other physical details | ill. ; |
| Dimensions | 23cm. |
| 500 ## - GENERAL NOTE | |
| General note | In memoriam: Michael Hindelang -- The positive tradition/Michael R. Gottfredson, Travis Hirschi -- Reassessing the lifestyle model of criminal victimization/James Garo falo -- Sociological positivism and the explanation of criminality/Lawrence E. Cohen, Kenneth C. Land -- Data for positive criminology, John H. Laub -- Social class and crime/Joseph G. Weis --Communities and crime/Robert J. Sampson -- Sports and delinquency/Rodney Stark, Lori Kent, Rogerf Finke -- Rational choice and determinism /John S. Goldkamp -- Supplementing the positivistic perpective / Hans Toch -- Making criminology policy relevant? / Leslie T. Wilkins. |
| 504 ## - BIBLIOGRAPHY, ETC. NOTE | |
| Bibliography, etc. note | Bibliography: p.173-187 |
| 600 10 - SUBJECT ADDED ENTRY--PERSONAL NAME | |
| Personal name | Hindelang, Micheal J. |
| 9 (RLIN) | 4738 |
| 650 ## - SUBJECT ADDED ENTRY--TOPICAL TERM | |
| Topical term or geographic name entry element | Crime and criminals |
| 9 (RLIN) | 4739 |
| 650 ## - SUBJECT ADDED ENTRY--TOPICAL TERM | |
| Topical term or geographic name entry element | Positivism |
| 9 (RLIN) | 4740 |
| 700 1# - ADDED ENTRY--PERSONAL NAME | |
| Personal name | Gottfredson, Micheal R. |
| 9 (RLIN) | 4741 |
| 700 1# - ADDED ENTRY--PERSONAL NAME | |
| Personal name | Hirschi, Travis |
| 9 (RLIN) | 4742 |
| 700 1# - ADDED ENTRY--PERSONAL NAME | |
| Personal name | Hindelang, Micheal J. |
| 9 (RLIN) | 4738 |
| 942 ## - ADDED ENTRY ELEMENTS (KOHA) | |
| Source of classification or shelving scheme | |
| Koha item type | Law Collections |
| Withdrawn status | Lost status | Source of classification or shelving scheme | Damaged status | Not for loan | Collection code | Home library | Current library | Shelving location | Date acquired | Inventory number | Total Checkouts | Full call number | Barcode | Date last seen | Price effective from | Koha item type |
|---|---|---|---|---|---|---|---|---|---|---|---|---|---|---|---|---|
| NON-FICTION | AKMAL Melaka | AKMAL Melaka | PINJAMAN | 15.05.2017 | 302045 | 364 GOT | 201706231 | 15.05.2017 | 15.05.2017 | Book |
